| 000 | 00638cab a22001935a 4500 | ||
|---|---|---|---|
| 001 | L152384 | ||
| 008 | 110228e20110120xxk 000 0 eng d | ||
| 035 | _a(Sirsi) u152384 | ||
| 041 | 0 | _aeng | |
| 100 | 1 | _aBoley, James | |
| 245 | 0 | 0 |
_aSME special _beight vital steps to SME success |
| 260 | _c2011 | ||
| 490 |
_aConstruction News _v(7206) 24 February 2011, 34-35(2) |
||
| 520 | _aA look at some of the most effective actions that small and medium enterprises (SMEs) can take to boost their business. | ||
| 590 | _aKA | ||
| 651 | 4 |
_aUnited Kingdom _y |
|
| 690 | _aMANAGEMENT-BUSINESS MANAGEMENT-INFORMATION MANAGEMENT | ||
| 942 | _n0 | ||
| 999 |
_c82954 _d82954 |
||